000 00809nam a2200241Ia 4500
003 GCL
005 20240530110147.0
008 140319s9999 xx 000 0 ara d
040 _aGCL /
_cGCL
082 0 4 _a923.2
_bق/ش ع
100 1 _aشحاته عيسى ابراهيم
245 1 0 _aعظماء الوطنية فى مصر فى العصر الحديث /
_cشحاته عيسى ابراهيم
260 _aالقاهرة :
_bالهيئة المصرية العامة للكتاب ،
_c1977
300 _a307 ص؛
_c24 سم
650 0 4 _aمصر
_xالعصر الحديث
650 0 4 _aمحمد فريد
650 0 4 _aسعد زغلول
650 0 4 _aمحمد كريم
650 0 4 _aاحمد عرابى
650 0 4 _aمصطفى كامل
650 0 4 _aالزعماء - تراجم
942 _2ddc
_cBK
999 _c59057
_d59057